000 00442nam a2200181Ia 4500
001 11498
005 20260306162832.0
008 260306t1981||||xx |||||||||||||| ||spa||
041 _aESP
082 _a985.061
_bM42
100 _aMendoza Meléndez, Eduardo
_eAUT
245 0 _aHistoria de la campaña de la Breña
260 _c1981
300 _a299 páginas :
_c21 cm.
650 _aGEN
654 _aCHU
942 _cLIB
_dJUS
_fJUS
_2ddc
_n
999 _c11498
_d11498